| 000 | 00450nam a2200181Ia 4500 | ||
|---|---|---|---|
| 005 | 20260429112214.0 | ||
| 008 | 260429s9999||||xx |||||||||||||| ||und|| | ||
| 020 | _a9789388950947 | ||
| 041 | _aEnglish | ||
| 082 |
_a530 _bSHA |
||
| 100 | _aSharma, Aniket | ||
| 245 | 0 |
_aAdvanced physics / _cAniket Sharma |
|
| 250 | _a1st ed. | ||
| 260 |
_aNew Delhi : _bSSDN Publishers, _c2024. |
||
| 300 | _aix, 206 p.; hb | ||
| 650 | _aPhysics | ||
| 942 | _cTB | ||
| 999 |
_c52885 _d52885 |
||